[Event "I Open A"]
[Site "San Marino SMR"]
[Date "1998.06.??"]
[Round "8"]
[White "Hacker, Christian"]
[Black "Prelati, Maurizio"]
[Result "1-0"]
[WhiteElo "2190"]
[BlackElo "2110"]
[PlyCount "89"]
[EventDate "1998.06.13"]

1. e4 c5 2. Nc3 Nc6 3. g3 g6 4. Bg2 Bg7 5. d3 d6 6. f4 e6 7. Nf3 Nge7 8. O-O
O-O 9. Be3 Nd4 10. Qd2 Rb8 11. Rae1 b5 12. e5 Nef5 13. Bf2 dxe5 14. fxe5 Qc7
15. Ne4 Bb7 16. g4 Nxf3+ 17. Bxf3 Bxe5 18. gxf5 exf5 19. Ng5 Bxh2+ 20. Kg2 Bf4
21. Be3 Bg3 22. Re2 f4 23. Bf2 Qd8 24. Bxg3 fxg3 25. Qf4 Qd4 26. Qxd4 cxd4 27.
Kxg3 h6 28. Bxb7 Rxb7 29. Nf3 Rd8 30. Re4 Rbd7 31. Rfe1 Kg7 32. Re7 g5 33. Kg4
a6 34. Rxd7 Rxd7 35. Re4 Rd5 36. Nxd4 h5+ 37. Kxh5 f5 38. Re7+ Kf8 39. Nc6 Rc5
40. Rc7 Rxc2 41. Kxg5 Rxb2 42. Kf6 Ke8 43. Re7+ Kf8 44. Ne5 Rg2 45. Ra7 1-0

[Event "I Open A"]
[Site "San Marino SMR"]
[Date "1998.06.??"]
[Round "8"]
[White "Khenkin, Igor"]
[Black "Sulava, Nenad"]
[Result "1-0"]
[WhiteElo "2565"]
[BlackElo "2450"]
[PlyCount "81"]
[EventDate "1998.06.13"]

1. d4 d5 2. c4 dxc4 3. Nf3 a6 4. e3 e6 5. Bxc4 Nf6 6. O-O b5 7. Bd3 Bb7 8. a4
bxa4 9. Nc3 c5 10. Ne5 Nbd7 11. Qxa4 Bd6 12. Nc4 Qc7 13. Nxd6+ Qxd6 14. dxc5
Qxc5 15. e4 O-O 16. Be3 Qd6 17. Rfd1 Qb8 18. Be2 Ne5 19. Bc5 Rd8 20. Rxd8+ Qxd8
21. Rd1 Ned7 22. f3 Qc8 23. Ba3 Bc6 24. Qd4 Qb7 25. Bc4 Nf8 26. Qc5 N6d7 27.
Qa5 Ng6 28. g3 h6 29. h4 Kh7 30. h5 Nge5 31. Be2 Bb5 32. Nxb5 axb5 33. Qb4 Ra4
34. Qxb5 Qa7+ 35. Kf1 Ra5 36. Qb3 Nf6 37. g4 Qc7 38. Bd6 Qa7 39. Qb8 Qxb8 40.
Bxb8 Nc6 41. Bd6 1-0

[Event "I Open A"]
[Site "San Marino SMR"]
[Date "1998.06.??"]
[Round "8"]
[White "Lagrotteria, Salvatore"]
[Black "Costantini, Roberto"]
[Result "1/2-1/2"]
[WhiteElo "2180"]
[BlackElo "2140"]
[PlyCount "82"]
[EventDate "1998.06.13"]

1. Nf3 Nf6 2. d4 d5 3. c4 e6 4. Nc3 Be7 5. Bg5 O-O 6. e3 h6 7. Bxf6 Bxf6 8. Be2
dxc4 9. Bxc4 Nd7 10. O-O c6 11. Rc1 e5 12. d5 Nb6 13. Bb3 e4 14. Nxe4 Bxb2 15.
dxc6 Bxc1 16. Qxd8 Rxd8 17. c7 Rd3 18. Rxc1 Be6 19. Nc5 Rd6 20. Nxb7 Rd7 21.
Bxe6 fxe6 22. Nd4 Rc8 23. Nxe6 Na8 24. f4 Nxc7 25. Nd4 Re8 26. Nc5 Rd5 27. Kf2
Rb8 28. Ncb3 Nb5 29. Nc6 Rb7 30. Ne5 Nd6 31. Kf3 Nf7 32. Ng4 Rb4 33. Rc8+ Rd8
34. Rc7 Ra4 35. Rc2 Rb8 36. Nd4 Ra3 37. f5 Ng5+ 38. Kf4 Re8 39. Ne5 Nf7 40.
Nxf7 Kxf7 41. e4 Ra4 1/2-1/2

[Event "I Open A"]
[Site "San Marino SMR"]
[Date "1998.06.??"]
[Round "8"]
[White "Lapiccirella, Mattia"]
[Black "Gaggiottini, Manfredo"]
[Result "1-0"]
[WhiteElo "2095"]
[BlackElo "2105"]
[PlyCount "93"]
[EventDate "1998.06.13"]

1. d4 Nf6 2. c4 d6 3. Nc3 Nbd7 4. e4 e5 5. Nge2 Be7 6. f3 c6 7. Be3 h6 8. Qd2
a6 9. a4 Nh5 10. g3 Bg5 11. Bh3 exd4 12. Bxd7+ Bxd7 13. Nxd4 Bxe3 14. Qxe3 O-O
15. O-O Qe7 16. Rfe1 Rae8 17. Qd2 Nf6 18. Rad1 Nh7 19. Nf5 Bxf5 20. exf5 Ng5
21. Rxe7 Nxf3+ 22. Kg2 Nxd2 23. Rxe8 Rxe8 24. Rxd2 Re5 25. Rxd6 Rxf5 26. Rd8+
Kh7 27. Rd7 b5 28. axb5 axb5 29. cxb5 cxb5 30. Rd5 Rf6 31. Rxb5 Rd6 32. Rd5 Rc6
33. Kf2 Kg6 34. Ke3 f5 35. Kd4 Kg5 36. h3 Rb6 37. Ne4+ Kh5 38. Rxf5+ g5 39. Kc3
Rc6+ 40. Kd3 Rb6 41. Rf6 Rb3+ 42. Kc4 g4 43. hxg4+ Kxg4 44. Kxb3 h5 45. Kc4 h4
46. gxh4 Kxh4 47. b4 1-0

[Event "I Open A"]
[Site "San Marino SMR"]
[Date "1998.06.??"]
[Round "8"]
[White "Mantovani, Renzo"]
[Black "Maccapani, Massimiliano"]
[Result "1-0"]
[WhiteElo "2365"]
[BlackElo "1982"]
[PlyCount "61"]
[EventDate "1998.06.13"]

1. e4 c5 2. Nf3 e6 3. Nc3 a6 4. g3 Qc7 5. Bg2 Nc6 6. O-O Nd4 7. Nxd4 cxd4 8.
Ne2 e5 9. f4 d6 10. Kh1 Nf6 11. c3 d3 12. Ng1 Bd7 13. Qe1 O-O-O 14. b3 Bc6 15.
c4 Nd7 16. Nh3 Be7 17. Bb2 Bf6 18. f5 b5 19. cxb5 axb5 20. Rc1 Kb7 21. Nf2 Qa5
22. a3 b4 23. axb4 Qxb4 24. Nxd3 Qxb3 25. Bc3 Bb5 26. Rb1 Qa4 27. Qe3 Kc8 28.
Ra1 Qc4 29. Ra8+ Nb8 30. Rc1 Qxd3 31. Qa7 1-0

[Event "I Open A"]
[Site "San Marino SMR"]
[Date "1998.06.??"]
[Round "8"]
[White "Schaefer, Michael"]
[Black "Dubois, Martine"]
[Result "1-0"]
[WhiteElo "2210"]
[BlackElo "2060"]
[PlyCount "87"]
[EventDate "1998.06.13"]

1. d4 Nf6 2. c4 g6 3. Nc3 d5 4. Nf3 Bg7 5. cxd5 Nxd5 6. Na4 O-O 7. e4 Nb6 8. h3
Nc6 9. Be3 Nxa4 10. Qxa4 Bd7 11. Qc4 e5 12. d5 b5 13. Qc5 Nd4 14. Nxd4 exd4 15.
Bxd4 Qh4 16. Bd3 Bxd4 17. Qxd4 f5 18. g3 Qh6 19. e5 f4 20. g4 Bxg4 21. Bxb5 Bf5
22. O-O-O Rab8 23. Bc4 f3+ 24. Qd2 Qh4 25. Qd4 Qxd4 26. Rxd4 Kg7 27. h4 a5 28.
Re1 Rb4 29. a3 Rb6 30. Re3 Rfb8 31. Rd2 Bg4 32. Ba2 Rb5 33. Rc3 R8b7 34. Rdc2
Kh6 35. Rxc7 Rxb2 36. Rxb7 Rxb7 37. e6 Bf5 38. Rc5 a4 39. d6 Rb6 40. d7 Bxe6
41. Bxe6 Rxe6 42. d8=Q Re7 43. Kb2 Re2+ 44. Kc3 1-0

[Event "I Open A"]
[Site "San Marino SMR"]
[Date "1998.06.??"]
[Round "8"]
[White "Schmitz, Andreas Arnold"]
[Black "Mordiglia, Riccardo"]
[Result "1-0"]
[WhiteElo "2115"]
[BlackElo "2115"]
[PlyCount "83"]
[EventDate "1998.06.13"]

1. e4 d5 2. exd5 Nf6 3. Nc3 Nxd5 4. Bc4 Nb6 5. Bb3 Nc6 6. Qf3 e6 7. Qg3 Qd6 8.
Nb5 Qxg3 9. hxg3 Bd6 10. Nxd6+ cxd6 11. c3 e5 12. Bc2 a5 13. Nf3 h6 14. d3 Bf5
15. Nh4 Be6 16. f4 Rc8 17. Bd1 Ne7 18. Nf3 Nc6 19. Ng5 Bd7 20. Bb3 Ke7 21. Nf3
Be6 22. c4 a4 23. Bd1 Nb4 24. Be3 Nxd3+ 25. Ke2 Nc5 26. b3 Ne4 27. Bf2 Nd7 28.
Be1 axb3 29. axb3 Ra8 30. Rc1 Ra2+ 31. Kf1 Rha8 32. Bc2 Bf5 33. Bb1 Ra1 34.
Bxe4 Bxe4 35. Rxa1 Rxa1 36. Nd2 Bd3+ 37. Kf2 Nc5 38. Ke3 Bc2 39. g4 Nd3 40.
Bh4+ f6 41. Rxa1 Nxf4 42. Bg3 1-0

[Event "I Open A"]
[Site "San Marino SMR"]
[Date "1998.06.??"]
[Round "8"]
[White "Slobodjan, Roman"]
[Black "Magalotti, Andrea"]
[Result "1-0"]
[WhiteElo "2530"]
[BlackElo "2145"]
[PlyCount "101"]
[EventDate "1998.06.13"]

1. e4 e5 2. Nf3 Nc6 3. Nc3 Nf6 4. g3 Bc5 5. Bg2 d6 6. d3 O-O 7. Na4 Bb6 8. O-O
d5 9. exd5 Qxd5 10. Re1 Qd6 11. Nxb6 axb6 12. b3 Bg4 13. h3 Bh5 14. g4 Bg6 15.
Nxe5 Nxe5 16. Bf4 Nfd7 17. d4 f6 18. Bxb7 Ra7 19. dxe5 fxe5 20. Qxd6 cxd6 21.
Bd5+ Kh8 22. Bg5 Nc5 23. Re2 b5 24. a3 Rc8 25. f4 h6 26. f5 Bf7 27. Bxf7 Rxf7
28. Bd2 Na6 29. Ba5 Nc5 30. Rd1 Nb7 31. Bb4 Rfc7 32. Rdd2 Rc6 33. Kf1 Ra8 34.
Rd5 Rb6 35. Red2 Raa6 36. Rf2 Kg8 37. f6 Kf7 38. fxg7+ Kxg7 39. Ke1 Nd8 40.
Rfd2 Nf7 41. R5d3 Rc6 42. Kd1 Rab6 43. Kc1 Ra6 44. Kb2 Rcb6 45. Rd1 Rc6 46. Rd5
Rab6 47. h4 Kf6 48. Rf1+ Ke6 49. Rd2 d5 50. Rdf2 Nd8 51. Ba5 1-0

[Event "I Open A"]
[Site "San Marino SMR"]
[Date "1998.06.??"]
[Round "8"]
[White "Tocco, Paolo"]
[Black "Schmitz, Manuela"]
[Result "1-0"]
[WhiteElo "2150"]
[BlackElo "2010"]
[PlyCount "61"]
[EventDate "1998.06.13"]

1. e4 e6 2. d4 d5 3. Nd2 Nf6 4. e5 Nfd7 5. Bd3 c5 6. c3 Nc6 7. Ngf3 cxd4 8.
cxd4 Qb6 9. O-O Nxd4 10. Nxd4 Qxd4 11. Nf3 Qb6 12. Qc2 Qc5 13. Qb1 h6 14. Be3
Qc7 15. Rc1 Qd8 16. Qc2 Be7 17. Qa4 O-O 18. Qg4 f5 19. Qg6 Kh8 20. Bxh6 gxh6
21. Qxh6+ Kg8 22. Qxe6+ Kh8 23. Qh6+ Kg8 24. Qg6+ Kh8 25. Bxf5 Rxf5 26. Qxf5
Nf8 27. Qh5+ Nh7 28. Nd4 Qg8 29. Rc7 Bg4 30. Qh6 Bf8 31. Qh4 1-0

[Event "I Open A"]
[Site "San Marino SMR"]
[Date "1998.06.??"]
[Round "8"]
[White "Vettel, Matthias"]
[Black "Isonzo, David"]
[Result "0-1"]
[WhiteElo "2205"]
[BlackElo "2235"]
[PlyCount "58"]
[EventDate "1998.06.13"]

1. e4 c5 2. Nf3 d6 3. d4 cxd4 4. Nxd4 Nf6 5. Nc3 a6 6. Be2 e5 7. Nb3 Be7 8. O-O
Be6 9. f4 Qc7 10. g4 exf4 11. g5 Nfd7 12. Bxf4 Nc6 13. Kh1 O-O-O 14. Nd5 Bxd5
15. exd5 Nde5 16. c4 Kb8 17. Nd4 h6 18. gxh6 g6 19. Rc1 Bf8 20. Qd2 Re8 21.
Rfe1 Qd8 22. Bf1 Qh4 23. Nf3 Qh5 24. Nxe5 Nxe5 25. c5 Bxh6 26. Bxh6 Rxh6 27.
cxd6 Reh8 28. h3 Qf3+ 29. Kg1 Qg3+ 0-1

[Event "I Open A"]
[Site "San Marino SMR"]
[Date "1998.06.??"]
[Round "8"]
[White "Wojtkiewicz, Aleksander"]
[Black "Giorgadze, Giorgi"]
[Result "1/2-1/2"]
[WhiteElo "2535"]
[BlackElo "2605"]
[PlyCount "26"]
[EventDate "1998.06.13"]

1. Nf3 Nf6 2. c4 c6 3. d4 d5 4. Nc3 e6 5. e3 Nbd7 6. Qc2 Bd6 7. Bd3 O-O 8. O-O
dxc4 9. Bxc4 Qe7 10. a3 c5 11. dxc5 Bxc5 12. Bd2 a6 13. Bd3 Bd6 1/2-1/2

[Event "I Open A"]
[Site "San Marino SMR"]
[Date "1998.06.??"]
[Round "9"]
[White "Cacco, Christian"]
[Black "Gabriel, Christian"]
[Result "0-1"]
[WhiteElo "2180"]
[BlackElo "2555"]
[PlyCount "82"]
[EventDate "1998.06.13"]

1. d4 f5 2. g3 g6 3. Bg2 Nf6 4. c4 Bg7 5. Nc3 O-O 6. Nf3 d6 7. O-O Qe8 8. Qc2
Nc6 9. Bg5 Qf7 10. b3 Nh5 11. Rad1 e5 12. Be3 h6 13. dxe5 dxe5 14. Nh4 e4 15.
Nxe4 Nb4 16. Qd2 fxe4 17. Bxe4 g5 18. Bg6 Qe7 19. Bxh5 gxh4 20. Bxh6 Nc6 21.
Bxg7 Qxg7 22. Qd5+ Kh8 23. Qe4 Bh3 24. Rfe1 Qf6 25. Qf3 Qg7 26. Qe4 Qf6 27. Qf3
Qe5 28. Qd5 Rf5 29. Bf3 Qf6 30. Qe4 Rf8 31. Rd7 Ne5 32. Rxc7 Qd8 33. Rxb7 Re8
34. Qb1 Qd4 35. Rd1 Nxf3+ 36. exf3 Qf6 37. Rdd7 Qc3 38. Re7 Rxe7 39. Rxe7 Qxf3
40. Qb2+ Rf6 41. Re8+ Kg7 0-1

[Event "I Open A"]
[Site "San Marino SMR"]
[Date "1998.06.??"]
[Round "9"]
[White "Casadei, Mauro"]
[Black "Mordiglia, Riccardo"]
[Result "1/2-1/2"]
[WhiteElo "2130"]
[BlackElo "2115"]
[PlyCount "25"]
[EventDate "1998.06.13"]

1. d4 d5 2. c4 c6 3. Nf3 e6 4. Qc2 Nf6 5. g3 dxc4 6. Qxc4 b5 7. Qc2 Bb7 8. Bg2
Nbd7 9. O-O Be7 10. a4 O-O 11. Rd1 a6 12. Bf4 Rc8 13. Ne5 1/2-1/2

[Event "I Open A"]
[Site "San Marino SMR"]
[Date "1998.06.??"]
[Round "9"]
[White "Costantini, Roberto"]
[Black "Arlandi, Ennio"]
[Result "0-1"]
[WhiteElo "2140"]
[BlackElo "2425"]
[PlyCount "98"]
[EventDate "1998.06.13"]

1. e4 c5 2. Nf3 e6 3. d4 cxd4 4. Nxd4 Nf6 5. Nc3 d6 6. Be2 a6 7. O-O Be7 8. f4
O-O 9. Be3 Nc6 10. Qe1 Qc7 11. Qg3 Nxd4 12. Bxd4 b5 13. a3 Bb7 14. Rae1 Rae8
15. Kh1 Bc6 16. e5 dxe5 17. fxe5 Ne4 18. Qg4 Rd8 19. Nxe4 Rxd4 20. Nf6+ Bxf6
21. Qxd4 Bxe5 22. Qh4 Bxb2 23. Bd3 g6 24. Re3 Qd8 25. Qh6 Bg7 26. Qh3 e5 27.
Be4 Bd7 28. Qf3 f5 29. Bd5+ Kh8 30. c4 Qe7 31. Ree1 e4 32. Qb3 Re8 33. Rc1 Bd4
34. cxb5 Bxb5 35. Bc4 e3 36. Bxb5 axb5 37. Qxb5 e2 38. Rfe1 Bf2 39. Rc7 Bxe1
40. Rxe7 Rxe7 41. Qb8+ Kg7 42. Qb2+ Kf7 43. Qb3+ Re6 44. Qb7+ Kf6 45. Qb2+ Re5
46. Qb6+ Kg5 47. Qd8+ Kh6 48. Qf8+ Kh5 49. Qg7 Bd2 0-1

[Event "I Open A"]
[Site "San Marino SMR"]
[Date "1998.06.??"]
[Round "9"]
[White "Dubois, Martine"]
[Black "Hacker, Christian"]
[Result "1/2-1/2"]
[WhiteElo "2060"]
[BlackElo "2190"]
[PlyCount "36"]
[EventDate "1998.06.13"]

1. e4 e5 2. Nf3 Nc6 3. Nc3 Nf6 4. g3 d5 5. exd5 Nxd5 6. Bg2 Nxc3 7. bxc3 Bc5 8.
O-O O-O 9. Rb1 Bb6 10. Re1 Qd6 11. Ng5 h6 12. Ne4 Qg6 13. Ba3 Bg4 14. Qc1 Rfe8
15. Nc5 Qh5 16. d3 Bf3 17. Bxf3 Qxf3 18. Qe3 Qd5 1/2-1/2

[Event "I Open A"]
[Site "San Marino SMR"]
[Date "1998.06.??"]
[Round "9"]
[White "Elstner, Herbert"]
[Black "Tocco, Paolo"]
[Result "1/2-1/2"]
[WhiteElo "2155"]
[BlackElo "2150"]
[PlyCount "23"]
[EventDate "1998.06.13"]

1. e4 e5 2. Nf3 Nc6 3. d4 exd4 4. Nxd4 Bc5 5. Be3 Qf6 6. c3 Nge7 7. g3 d5 8.
Bg2 dxe4 9. Nf5 Bd6 10. Nd2 Qe5 11. Nxd6+ Qxd6 12. Nxe4 1/2-1/2

[Event "I Open A"]
[Site "San Marino SMR"]
[Date "1998.06.??"]
[Round "9"]
[White "Giorgadze, Giorgi"]
[Black "Ortega, Lexy"]
[Result "1/2-1/2"]
[WhiteElo "2605"]
[BlackElo "2475"]
[PlyCount "34"]
[EventDate "1998.06.13"]

1. e4 Nf6 2. d3 e5 3. f4 d6 4. Nf3 Nc6 5. Be2 h6 6. O-O g6 7. c4 Bg7 8. Nc3 O-O
9. Nd5 exf4 10. Bxf4 Bg4 11. Qd2 Nxd5 12. cxd5 Nd4 13. Nxd4 Bxd4+ 14. Kh1 Bxe2
15. Qxe2 Bg7 16. Qd2 Kh7 17. Be3 Qd7 1/2-1/2

[Event "I Open A"]
[Site "San Marino SMR"]
[Date "1998.06.??"]
[Round "9"]
[White "Isonzo, David"]
[Black "Lagrotteria, Salvatore"]
[Result "0-1"]
[WhiteElo "2235"]
[BlackElo "2180"]
[PlyCount "92"]
[EventDate "1998.06.13"]

1. e4 c5 2. Nf3 Nc6 3. d4 cxd4 4. Nxd4 Nf6 5. Nc3 d6 6. Bc4 Qb6 7. Nde2 e6 8.
O-O a6 9. Bb3 Be7 10. Bg5 Qc7 11. Ng3 h6 12. Bxf6 Bxf6 13. Nh5 Be5 14. f4 Bd4+
15. Kh1 g6 16. Ng3 h5 17. f5 Bxc3 18. bxc3 h4 19. Ne2 gxf5 20. exf5 h3 21. gxh3
Ne5 22. Nd4 b5 23. fxe6 Bb7+ 24. Rf3 f6 25. Kg2 O-O-O 26. Kf2 Nxf3 27. Nxf3 Rh5
28. Qd3 Rxh3 29. Bd5 Qc5+ 30. Kg2 Qxd5 31. Kxh3 Qxf3+ 32. Qxf3 Bxf3 33. Rf1 Bd5
34. Rxf6 Re8 35. a3 Rxe6 36. Rf2 Re3+ 37. Kg4 Rxc3 38. h4 Be6+ 39. Kg5 Rxa3 40.
h5 Rh3 41. h6 Kc7 42. Kg6 Rg3+ 43. Kf6 Bg8 44. Re2 Kc6 45. Re8 Bh7 46. Rh8 Rg6+
0-1

[Event "I Open A"]
[Site "San Marino SMR"]
[Date "1998.06.??"]
[Round "9"]
[White "Lanzani, Mario"]
[Black "Schaefer, Michael"]
[Result "1/2-1/2"]
[WhiteElo "2375"]
[BlackElo "2210"]
[PlyCount "108"]
[EventDate "1998.06.13"]

1. e4 c5 2. Nf3 e6 3. d4 cxd4 4. Nxd4 Nf6 5. Nc3 d6 6. Be2 Nc6 7. O-O Be7 8.
Be3 Bd7 9. Nb3 a6 10. g4 O-O 11. g5 Ne8 12. f4 e5 13. Nd5 exf4 14. Bb6 Qb8 15.
Nxe7+ Nxe7 16. Rxf4 Ng6 17. Rf2 Bc6 18. Qd4 Qc8 19. Na5 Qe6 20. Nxc6 bxc6 21.
a4 a5 22. Raf1 Ne5 23. Qc3 Qg6 24. Rf5 Nf6 25. Kh1 Nxe4 26. Qe3 Nd7 27. Qxe4
Nxb6 28. Qxc6 d5 29. Qxg6 hxg6 30. R5f4 Rac8 31. c3 Rfe8 32. Bb5 Re7 33. R1f3
Rcc7 34. b4 Ra7 35. Rh3 Re1+ 36. Kg2 Re5 37. Rfh4 Rxg5+ 38. Kf2 Rh5 39. Rxh5
gxh5 40. Rxh5 g6 41. Rh4 Kg7 42. Ke3 Kf6 43. Kd3 Ke5 44. Kc2 g5 45. Rd4 f5 46.
bxa5 Rxa5 47. Kb3 Ra7 48. Kb4 Nc4 49. Bxc4 dxc4 50. Rd2 f4 51. Kxc4 Rxa4+ 52.
Kd3 f3 53. Ke3 g4 54. Rd4 Rxd4 1/2-1/2

[Event "I Open A"]
[Site "San Marino SMR"]
[Date "1998.06.??"]
[Round "9"]
[White "Lapiccirella, Mattia"]
[Black "Schmitz, Andreas Arnold"]
[Result "1/2-1/2"]
[WhiteElo "2095"]
[BlackElo "2115"]
[PlyCount "45"]
[EventDate "1998.06.13"]

1. d4 d5 2. c4 dxc4 3. Nc3 e5 4. Nf3 exd4 5. Qxd4 Qxd4 6. Nxd4 a6 7. a4 Nf6 8.
e3 Bb4 9. Bxc4 Ne4 10. Nde2 Nd7 11. O-O Nxc3 12. Nxc3 Ne5 13. Bb3 Nd3 14. Nd5
Bd6 15. Rd1 Nc5 16. Bc2 Be6 17. b4 Nd7 18. Bb2 O-O 19. Rd4 Rfd8 20. Nf4 Nf8 21.
Rad1 Bd7 22. Bb3 Re8 23. Nd3 1/2-1/2

[Event "I Open A"]
[Site "San Marino SMR"]
[Date "1998.06.??"]
[Round "9"]
[White "Maccapani, Massimiliano"]
[Black "Vettel, Matthias"]
[Result "0-1"]
[WhiteElo "1982"]
[BlackElo "2205"]
[PlyCount "82"]
[EventDate "1998.06.13"]

1. e4 c6 2. Nc3 d5 3. Nf3 Bg4 4. h3 Bxf3 5. Qxf3 e6 6. d3 Nd7 7. g3 Bb4 8. Bd2
Qb6 9. O-O-O d4 10. Ne2 Bxd2+ 11. Rxd2 Ngf6 12. g4 h6 13. Bg2 O-O-O 14. Qg3 e5
15. c3 dxc3 16. Nxc3 Rhe8 17. f4 exf4 18. Qxf4 Ne5 19. Rhd1 Qd4 20. Bf1 Rd7 21.
Qf2 Red8 22. Qxd4 Rxd4 23. Be2 Nfd7 24. Kc2 Nc5 25. b4 Ne6 26. b5 c5 27. Nd5
Kd7 28. Rf1 Nc7 29. Nc3 Ke6 30. h4 Nc4 31. dxc4 Rxd2+ 32. Kb3 R8d4 33. g5 hxg5
34. hxg5 Ke7 35. Rf5 b6 36. Bg4 R4d3 37. Re5+ Ne6 38. g6 Kf6 39. gxf7 Kxe5 40.
Bxe6 Rf3 41. Bd5 Kd4 0-1

[Event "I Open A"]
[Site "San Marino SMR"]
[Date "1998.06.??"]
[Round "9"]
[White "Magalotti, Andrea"]
[Black "Mantovani, Renzo"]
[Result "0-1"]
[WhiteElo "2145"]
[BlackElo "2365"]
[PlyCount "42"]
[EventDate "1998.06.13"]

1. e4 c5 2. Nf3 d6 3. d4 cxd4 4. Nxd4 Nf6 5. Nc3 Nc6 6. Bg5 e6 7. Qd2 Be7 8. f4
O-O 9. O-O-O Nxd4 10. Qxd4 Qa5 11. Bc4 Bd7 12. Bb3 Bc6 13. Rhe1 h6 14. Bh4 Qh5
15. Bg3 Rfd8 16. Qe3 Rd7 17. Rf1 d5 18. exd5 Nxd5 19. Nxd5 Bxd5 20. Rf2 Qxd1+
21. Kxd1 Bf3+ 0-1

[Event "I Open A"]
[Site "San Marino SMR"]
[Date "1998.06.??"]
[Round "9"]
[White "Prelati, Maurizio"]
[Black "Diena, Giovanni"]
[Result "1/2-1/2"]
[WhiteElo "2110"]
[BlackElo "1906"]
[PlyCount "86"]
[EventDate "1998.06.13"]

1. e4 c5 2. d4 cxd4 3. c3 e5 4. Nf3 Nc6 5. Bc4 Nf6 6. cxd4 Bb4+ 7. Bd2 Bxd2+ 8.
Nbxd2 O-O 9. d5 b5 10. Bd3 Nd4 11. Nxe5 Bb7 12. O-O Qb6 13. Nef3 Nxf3+ 14. Nxf3
d6 15. Qd2 Nd7 16. Rac1 Rac8 17. Qg5 f6 18. Qg3 Nc5 19. Bc2 Rce8 20. Rfe1 b4
21. Nh4 Bc8 22. Nf5 Bxf5 23. exf5 Re5 24. Rxe5 fxe5 25. Qh3 Rf6 26. g4 h6 27.
Qh5 Qb7 28. Rd1 Qf7 29. Qxf7+ Rxf7 30. f3 g5 31. Kf2 Kg7 32. Kg3 a5 33. Re1 a4
34. Re3 Rc7 35. h4 Kf6 36. hxg5+ hxg5 37. Kf2 Rh7 38. Kg2 Rh4 39. a3 b3 40. Bd3
Rh7 41. Bb5 Ra7 42. Rc3 Rb7 43. Bc6 Ra7 1/2-1/2

[Event "I Open A"]
[Site "San Marino SMR"]
[Date "1998.06.??"]
[Round "9"]
[White "Slobodjan, Roman"]
[Black "Khenkin, Igor"]
[Result "1/2-1/2"]
[WhiteElo "2530"]
[BlackElo "2565"]
[PlyCount "26"]
[EventDate "1998.06.13"]

1. e4 c6 2. d4 d5 3. Nd2 dxe4 4. Nxe4 Bf5 5. Ng3 Bg6 6. h4 h6 7. Nf3 Nf6 8. h5
Bh7 9. Bd3 Bxd3 10. Qxd3 e6 11. Bf4 Bd6 12. Bxd6 Qxd6 13. O-O-O Nbd7 1/2-1/2

[Event "I Open A"]
[Site "San Marino SMR"]
[Date "1998.06.??"]
[Round "9"]
[White "Sulava, Nenad"]
[Black "Wojtkiewicz, Aleksander"]
[Result "1/2-1/2"]
[WhiteElo "2450"]
[BlackElo "2535"]
[PlyCount "109"]
[EventDate "1998.06.13"]

1. Nf3 c5 2. c4 Nf6 3. g3 b6 4. Bg2 Bb7 5. O-O g6 6. b3 Bg7 7. Bb2 O-O 8. d4
cxd4 9. Qxd4 d6 10. Rd1 a6 11. Ne1 Bxg2 12. Nxg2 Nbd7 13. Nc3 Rc8 14. Rac1 Re8
15. Nd5 b5 16. Nge3 bxc4 17. Nxc4 Nh5 18. Qd2 Bxb2 19. Qxb2 Nhf6 20. Nce3 Nxd5
21. Nxd5 a5 22. Rxc8 Qxc8 23. Qd2 Qd8 24. Rc1 Nc5 25. Qc3 Ne6 26. h4 Qa8 27.
Nc7 Nxc7 28. Qxc7 Qd5 29. Qc6 Qxc6 30. Rxc6 Ra8 31. Rc7 Kf8 32. e4 Rb8 33. g4
a4 34. bxa4 Rb4 35. f3 Rxa4 36. Rc2 f5 37. gxf5 gxf5 38. Re2 Kf7 39. Kf2 Kf6
40. exf5 Rxh4 41. Re6+ Kf7 42. Kg3 Ra4 43. Rh6 Rxa2 44. Rxh7+ Kf6 45. Kg4 Ra4+
46. f4 Ra1 47. Rh6+ Kg7 48. Re6 Kf7 49. Rh6 Ra3 50. Rh7+ Kf6 51. Rh6+ Kg7 52.
Rg6+ Kf7 53. Rh6 Re3 54. f6 e6 55. f5 1/2-1/2

[Event "XIII Festival A"]
[Site "Bolzano - Bozen ITA"]
[Date "1998.06.13"]
[Round "1"]
[White "Borgo, Giulio"]
[Black "Kowalczyk, Martin"]
[WhiteElo "2430"]
[BlackElo "1965"]
[Result "1-0"]
[PlyCount "100"]
[EventDate "1998.06.13"]

1. e4 e5 2. Nf3 Nf6 3. Nc3 Bb4 4. Nxe5 Qe7 5. Nd3 Bxc3 6. dxc3 Qxe4+ 7. Be2 O-O
8. O-O Nc6 9. Bf3 Qf5 10. g4 Qb5 11. a4 Qc4 12. b3 Qxc3 13. Bb2 Qa5 14. h4 d6
15. b4 Nxb4 16. Bc3 c5 17. Nxb4 cxb4 18. Bxf6 gxf6 19. Qxd6 Be6 20. Rfb1 Rac8
21. Qxb4 Qxb4 22. Rxb4 b6 23. Be4 Rc5 24. f3 Rfc8 25. Kf2 Rc4 26. Rxc4 Rxc4 27.
a5 bxa5 28. Rxa5 Rc7 29. Ke3 Kg7 30. Bd3 h6 31. Kd4 Kf8 32. c4 Kg7 33. Kc3 Rb7
34. Be4 Rc7 35. c5 Bd7 36. Kd4 Kf8 37. Bd5 Ke7 38. Ra6 Bb5 39. Ra3 Rd7 40. Re3+
Kf8 41. Ke4 Re7+ 42. Kf4 Rxe3 43. Kxe3 Ke7 44. Kd4 Bd7 45. c6 Be6 46. Bxe6 Kxe6
47. h5 Kd6 48. f4 Kxc6 49. g5 fxg5 50. fxg5 hxg5 1-0

[Event "XIII Festival A"]
[Site "Bolzano - Bozen ITA"]
[Date "1998.06.13"]
[Round "1"]
[White "Di Lazzaro, Gabriele"]
[Black "Horvath, Tamas"]
[WhiteElo "2030"]
[BlackElo "2385"]
[Result "0-1"]
[PlyCount "82"]
[EventDate "1998.06.13"]

1. Nf3 c5 2. c4 Nc6 3. Nc3 g6 4. e3 Nf6 5. d4 cxd4 6. exd4 Bg7 7. d5 Nb4 8. Bf4
O-O 9. a3 Na6 10. Be2 d6 11. O-O Bd7 12. Rc1 Nc5 13. b4 Nce4 14. Nxe4 Nxe4 15.
Bd3 Nf6 16. Qd2 Re8 17. Rfe1 a5 18. b5 Bg4 19. Ng5 Qd7 20. h3 Bf5 21. Bf1 h6
22. Nf3 Ne4 23. Qe3 g5 24. Bh2 Nc5 25. Nd4 a4 26. Rcd1 Rac8 27. Be2 Bg6 28. f4
gxf4 29. Bxf4 Kh7 30. Bh2 Qc7 31. Kh1 Qa5 32. Rf1 Ra8 33. Nf5 Bf8 34. Qd4 Nb3
35. Qb2 Qc7 36. Nh4 Bg7 37. Nxg6 Bxb2 38. Rxf7+ Kxg6 39. Rdf1 Bf6 40. R7xf6+
exf6 41. Bd3+ Kg7 0-1

[Event "XIII Festival A"]
[Site "Bolzano - Bozen ITA"]
[Date "1998.06.13"]
[Round "1"]
[White "Erschbaumer, Helmut"]
[Black "Vegh, Endre"]
[WhiteElo "1600"]
[BlackElo "2350"]
[Result "1-0"]
[PlyCount "83"]
[EventDate "1998.06.13"]

1. e4 c5 2. Nf3 d6 3. d4 cxd4 4. Nxd4 Nf6 5. Nc3 a6 6. Bg5 e6 7. f4 Qc7 8. Qf3
b5 9. O-O-O Bb7 10. Bxf6 gxf6 11. Qh5 Ke7 12. Bd3 Nd7 13. Bxb5 axb5 14. Ndxb5
Qc5 15. e5 Nxe5 16. fxe5 Qxe5 17. Qh4 Ra6 18. Kb1 Rb6 19. Qc4 Rc6 20. Qb3 Rb6
21. a4 Bc6 22. Rhe1 Qc5 23. Qa2 Kd7 24. Ne4 Bxe4 25. Rxe4 Be7 26. Rc4 Qh5 27.
g4 Qxh2 28. Rc7+ Kd8 29. Qc4 d5 30. Rc8+ Kd7 31. Rxh8 Rc6 32. Qd3 Qe5 33. Nd4
Rb6 34. Qc3 Bd8 35. Rxd8+ Kxd8 36. Nc6+ Rxc6 37. Qxc6 Qe2 38. Qb6+ Ke7 39. Qc5+
Ke8 40. Qc8+ Ke7 41. Qc7+ Ke8 42. Rd4 1-0

[Event "XIII Festival A"]
[Site "Bolzano - Bozen ITA"]
[Date "1998.06.13"]
[Round "1"]
[White "Hillarp Persson, Tiger"]
[Black "Squarci, Franco"]
[WhiteElo "2410"]
[BlackElo "1948"]
[Result "1-0"]
[PlyCount "59"]
[EventDate "1998.06.13"]

1. d4 Nf6 2. c4 e6 3. Nc3 Bb4 4. Qc2 O-O 5. a3 Be7 6. e4 d6 7. Nf3 c5 8. dxc5
dxc5 9. e5 Ne8 10. Bd3 g6 11. Bh6 Ng7 12. O-O-O Qa5 13. h4 Nc6 14. h5 Rd8 15.
hxg6 fxg6 16. Bxg6 Rxd1+ 17. Rxd1 Nf5 18. Bxf5 exf5 19. Nd5 Be6 20. Nf4 Kf7 21.
g4 Nd4 22. Nxd4 cxd4 23. Nxe6 Qxe5 24. Nxd4 Bf6 25. Qxf5 Qxf5 26. Nxf5 Rg8 27.
Rd7+ Ke6 28. Rd6+ Kf7 29. Be3 Rxg4 30. Nh6+ 1-0